000 00483cam a2200193ua 4500
001 2111
008 110804n ii |||gr||||Z||||||eng
020 _a81-7020-573-5
040 _cMAIN
082 _a370
100 _aMohanty, J.,
_eAuthor.
245 1 _aCurrent issues in education
_cby J. Mohanty
250 _a1st.
260 _aNew Delhi:
_bCosmo publication,992.
300 _avi; 349p:
_c23cm.
653 _aEducation
653 _aCurrent issues in education
942 _cBK
999 _c1979
_d1979